Countries Closest to Asia - Statistics

General Stats
  • This quiz has been taken 84 times
  • The average score is 11 of 15
Answer Stats
Hint Answer % Correct
0 Russia
99%
0 Egypt
93%
0 Turkey
90%
10km Greece
84%
0 Georgia
75%
175km Bulgaria
73%
0 Azerbaijan
72%
85km USA
67%
130km Somalia
66%
200km Sudan
66%
20km Djibouti
63%
30km Eritrea
63%
0 Papua New Guinea
61%
126km Ethiopia
58%
0 Kazakhstan
52%
No matching quizzes found
Score Distribution
Percent of People with Each Score
Percentile by Number Answered
Your Score History
You have not taken this quiz